Statistics for 500 Digits of Pi

Click here to take the quiz!

General Stats

  • This quiz has been taken 151 times
    (141 since last reset)
  • The average score is 294 of 500

Answer Stats

% Correct
1
100%
1
100%
3
100%
4
100%
5
100%
9
100%
2
96%
6
92%
3
88%
5
88%
5
88%
7
88%
8
88%
9
88%
3
85%
9
85%
2
81%
2
81%
2
81%
3
81%
3
81%
3
81%
3
81%
4
81%
4
81%
6
81%
6
81%
7
81%
8
81%
8
81%
9
81%
0
77%
5
77%
1
73%
1
73%
1
73%
2
73%
3
73%
3
73%
4
73%
5
73%
6
73%
7
73%
7
73%
8
73%
8
73%
9
73%
9
73%
9
73%
9
73%
0
69%
5
69%
0
65%
0
65%
0
65%
0
65%
0
65%
0
65%
0
65%
0
65%
0
65%
1
65%
1
65%
1
65%
1
65%
1
65%
2
65%
2
65%
2
65%
2
65%
2
65%
2
65%
2
65%
2
65%
2
65%
2
65%
3
65%
3
65%
3
65%
3
65%
3
65%
3
65%
4
65%
4
65%
4
65%
4
65%
4
65%
4
65%
4
65%
4
65%
4
65%
4
65%
5
65%
5
65%
5
65%
6
65%
6
65%
6
65%
6
65%
6
65%
6
65%
6
65%
6
65%
7
65%
7
65%
7
65%
7
65%
7
65%
8
65%
8
65%
8
65%
8
65%
8
65%
8
65%
8
65%
8
65%
8
65%
8
65%
8
65%
8
65%
9
65%
9
65%
9
65%
9
65%
9
65%
9
65%
9
65%
0
62%
0
62%
0
62%
0
62%
0
62%
0
62%
0
62%
0
62%
0
62%
0
62%
0
62%
0
62%
0
62%
1
62%
1
62%
1
62%
1
62%
1
62%
1
62%
1
62%
1
62%
1
62%
1
62%
1
62%
1
62%
1
62%
1
62%
1
62%
1
62%
1
62%
2
62%
2
62%
2
62%
2
62%
2
62%
2
62%
2
62%
2
62%
2
62%
2
62%
2
62%
2
62%
2
62%
2
62%
2
62%
3
62%
3
62%
3
62%
3
62%
3
62%
3
62%
3
62%
3
62%
3
62%
3
62%
3
62%
3
62%
4
62%
4
62%
4
62%
4
62%
4
62%
4
62%
4
62%
4
62%
4
62%
4
62%
4
62%
4
62%
4
62%
4
62%
4
62%
4
62%
4
62%
4
62%
5
62%
5
62%
5
62%
5
62%
5
62%
5
62%
5
62%
5
62%
5
62%
5
62%
5
62%
5
62%
5
62%
5
62%
5
62%
5
62%
5
62%
6
62%
6
62%
6
62%
6
62%
6
62%
6
62%
6
62%
6
62%
6
62%
6
62%
6
62%
6
62%
6
62%
6
62%
6
62%
7
62%
7
62%
7
62%
7
62%
7
62%
7
62%
7
62%
7
62%
8
62%
8
62%
8
62%
8
62%
8
62%
8
62%
8
62%
8
62%
8
62%
8
62%
8
62%
8
62%
8
62%
8
62%
8
62%
8
62%
9
62%
9
62%
9
62%
9
62%
9
62%
9
62%
9
62%
9
62%
9
62%
9
62%
9
62%
9
62%
9
62%
0
58%
0
58%
0
58%
0
58%
0
58%
0
58%
1
58%
1
58%
1
58%
1
58%
1
58%
1
58%
2
58%
2
58%
2
58%
2
58%
2
58%
2
58%
2
58%
3
58%
3
58%
3
58%
3
58%
3
58%
3
58%
4
58%
4
58%
4
58%
4
58%
4
58%
4
58%
4
58%
5
58%
5
58%
5
58%
5
58%
5
58%
6
58%
6
58%
6
58%
6
58%
6
58%
6
58%
6
58%
7
58%
7
58%
7
58%
7
58%
7
58%
8
58%
8
58%
8
58%
8
58%
8
58%
8
58%
9
58%
9
58%
9
58%
0
54%
0
54%
0
54%
0
54%
0
54%
0
54%
0
54%
0
54%
0
54%
1
54%
1
54%
1
54%
1
54%
1
54%
1
54%
1
54%
1
54%
1
54%
1
54%
2
54%
2
54%
2
54%
2
54%
2
54%
2
54%
2
54%
3
54%
3
54%
3
54%
3
54%
3
54%
3
54%
3
54%
4
54%
4
54%
4
54%
4
54%
4
54%
4
54%
4
54%
4
54%
5
54%
5
54%
5
54%
5
54%
5
54%
5
54%
5
54%
5
54%
6
54%
6
54%
6
54%
6
54%
6
54%
6
54%
6
54%
6
54%
7
54%
7
54%
8
54%
8
54%
8
54%
8
54%
8
54%
9
54%
9
54%
9
54%
9
54%
9
54%
9
54%
9
54%
9
54%
0
50%
2
50%
3
50%
3
50%
5
50%
7
50%
0
46%
3
46%
5
46%
6
46%
7
46%
7
46%
0
42%
0
42%
0
42%
1
42%
1
42%
1
42%
1
42%
1
42%
1
42%
1
42%
1
42%
1
42%
1
42%
1
42%
1
42%
2
42%
2
42%
2
42%
2
42%
2
42%
2
42%
3
42%
3
42%
3
42%
3
42%
3
42%
3
42%
4
42%
4
42%
4
42%
4
42%
4
42%
5
42%
5
42%
5
42%
5
42%
5
42%
5
42%
5
42%
5
42%
5
42%
6
42%
6
42%
6
42%
6
42%
6
42%
7
42%
7
42%
7
42%
7
42%
7
42%
7
42%
7
42%
7
42%
8
42%
8
42%
8
42%
8
42%
8
42%
8
42%
8
42%
9
42%
9
42%
9
42%
9
42%
9
42%
9
42%
9
42%
9
42%
9
42%
9
42%
0
38%
1
38%
1
38%
1
38%
1
38%
2
38%
2
38%
3
38%
3
38%
4
38%
7
38%
8
38%
8
38%
9
38%
9
38%
9
38%

Score Distribution

Percentile by Number Answered

Percent of People with Each Score

Your Score History

You have not taken this quiz since the last reset